000 00354nam a2200145Ia 4500
008 240624s9999 xx 000 0 und d
041 _aeng
082 _a658 WHE
100 _aWHETTEN DAVID A
245 _aDEVELOPING MANAGEMENT SKILLS
250 _a(7th ed.)
260 _c2007
_aeducation,2007
300 _axxi, , 724 , 28 : p. : cm.
365 _c
_b30
999 _c7501
_d7501